| 000 | 00351nam a2200133Ia 4500 | ||
|---|---|---|---|
| 005 | 20251222142000.0 | ||
| 008 | 251222s9999||||xx |||||||||||||| ||spa|| | ||
| 020 | _a9789972613593 | ||
| 082 | _a363.69/I59 | ||
| 245 | 0 | _aDocumentos Fundamentales para el Patrimonio Cultural | |
| 250 | _a1ra.ed. | ||
| 264 | _bInstituto Nacional de Cultura | ||
| 942 | _cLIB | ||
| 999 |
_c9969 _d9969 |
||